书目信息 |
| 题名: |
现代雨篷·入口设计实录
|
|
| 作者: | 张德良 , 周祥广 , 艾鸿远 主编 | |
| 分册: | ||
| 出版信息: | 南京 东南大学出版社 2002.4 |
|
| 页数: | 173页 | |
| 开本: | 21×29cm | |
| 丛书名: | ||
| 单 册: | ||
| 中图分类: | TU226 | |
| 科图分类: | ||
| 主题词: | 雨篷--建筑设计 , 建筑物--入口--建筑设计 , 建筑设计 | |
| 电子资源: | ||
| ISBN: | 7-81050-768-0 | |
| 000 | 00779nam0 2200253 45 | |
| 001 | 012004000000 | |
| 005 | 20050419111738.04 | |
| 010 | @a7-81050-768-0@dCNY 65.00 | |
| 100 | @a20041231e20022002em y0chiy0121 ea | |
| 101 | 0 | @achi |
| 102 | @aCN@b320000 | |
| 105 | @aa z 000yy | |
| 200 | 1 | @a现代雨篷·入口设计实录@Axian dai yu peng ru kou she ji shi lu@f张德良, 周祥广, 艾鸿远主编 |
| 210 | @a南京@c东南大学出版社@d2002.4@h2002.11重印 | |
| 215 | @a173页@c图@d21×29cm | |
| 606 | 0 | @a雨篷@x建筑设计 |
| 606 | 0 | @a建筑物@x入口@x建筑设计 |
| 606 | 0 | @a建筑设计 |
| 690 | @aTU226@v4 | |
| 701 | 0 | @a张德良@Azhang de liang@4主编 |
| 701 | 0 | @a周祥广@Azhou xiang guang@4主编 |
| 701 | 0 | @a艾鸿远@Aai hong yuan@4主编 |
| 801 | 0 | @aCN@bQSSKxf@c20050419 |
| 905 | @a10447@dTU226@eZ090 | |
| 现代雨篷·入口设计实录/张德良, 周祥广, 艾鸿远主编.-南京:东南大学出版社,2002.4(2002.11重印) |
| 173页:图;21×29cm |
| ISBN 7-81050-768-0:CNY 65.00 |
| ● |
| 相关链接 |
|
|
|
正题名:现代雨篷·入口设计实录
索取号:TU226/Z090
 
预约/预借
| 序号 | 登录号 | 条形码 | 馆藏地/架位号 | 状态 | 备注 |
| 1 | 441470 | 204414703 | 自科二线404/404自科库 24排3列4层/ [索取号:TU226/Z090] | 在馆 | |
| 2 | 441471 | 204414712 | 自科二线404/404自科库 24排3列4层/ [索取号:TU226/Z090] | 在馆 |